000 00494nam a2200193 4500
005 20150507111242.0
007 000
008 000
020 _a0713134801
040 _aUOEL
050 _aTH5606
_b.P6 1984
100 _aPorter, Brian
245 _aCarpentry and joinery /
_cBrian, Porter
260 _aGreat Britain ;
_bEdward Arnold Publishers LTD ,
_cc1984.
300 _aix, 294p. :
_bill.
500 _aincludes index
650 _2Carpentry
_xBuilding and Construction
942 _2lcc
_cLL
999 _c6830
_d6830